| 000 | 00986nac a22002897a 4500 | ||
|---|---|---|---|
| 001 | BR9300213 | ||
| 003 | BR-BrBNA | ||
| 005 | 20240105121330.0 | ||
| 008 | 230509b bl.|||m| |||| 00| 0 por d | ||
| 040 |
_aBR-BrBNA _bpor _cBiblioteca Nacional de Agricultura |
||
| 072 | _aP10 | ||
| 090 | _aP10 BR9300213 | ||
| 110 | 1 | _aSuperintendencia do Desenvolvimento do Nordeste, Recife, PE (Brasil) | |
| 110 | 1 |
_aDepartamento Nacional da Producao Mineral, Brasilia, DF (Brasil) _93217 |
|
| 245 | 1 | _aInventario hidrogeologico basico do nordeste. Folha no. 33 - Belo Horizonte-NE | |
| 260 | 3 |
_aRecife, PE (Brasil): _c1987. |
|
| 300 | _a370 p. | ||
| 490 |
_aBrasil. SUDENE. Hidrogeologia (Brazil) _vno. 62 _x |
||
| 500 | _aSummaries (En, Pt); 39 ref.; 41 tables; 59 illus. | ||
| 650 | _aHidrogeologia | ||
| 650 | _aInventario | ||
| 650 | _aHidrologia | ||
| 650 | _aClimatologia | ||
| 650 | _aMinas Gerais | ||
| 909 |
_a202312 _bLúcia Elande _c55 _dLúcia Elande |
||
| 942 |
_2AGRIS _n0 _cMS |
||
| 999 |
_c284687 _d284687 |
||